000 00544nam a2200193Ia 4500
003 GCL
008 140319s9999 xx 000 0 ara d
040 _aGCL /
_cGCL
082 0 4 _a923.244
_bف ن
100 1 _aمحمد نوفل العزة
245 1 0 _aنابليون /
_cمحمد نوفل العزة
700 1 _aمحمد مصطفى زيادة
700 1 _aفشر، هربرت
300 _a305 ص
490 _a100 قصة
_v0
650 0 4 _aنابليون بونابرت
650 0 4 _aالثورة الفرنسية
942 _2ddc
_cBK
999 _c43938
_d43938